North American Island Nations - Statistics

General Stats
  • This quiz has been taken 63 times
  • The average score is 11 of 13
Answer Stats
Answer % Correct
Cuba
92%
Bahamas
89%
Jamaica
89%
Saint Lucia
89%
Dominica
87%
Dominican Republic
87%
Haiti
87%
Barbados
84%
Saint Kitts and Nevis
82%
Saint Vincent and the Grenadines
82%
Antigua and Barbuda
79%
Trinidad and Tobago
79%
Grenada
71%
No matching quizzes found
Score Distribution
Percent of People with Each Score
Percentile by Number Answered
Your Score History
You have not taken this quiz